Сорбция доксорубицина на композитных наноразмерных порошках железа; Перспективы развития фундаментальных наук

Dades bibliogràfiques
Parent link:Перспективы развития фундаментальных наук.— 2008.— С. 171-174
Autor principal: Митькина В. А.
Altres autors: Синицына Е. А. (научный руководитель), Галанов А. И., Юрмазова Т. А.
Idioma:rus
Publicat: 2008
Matèries:
Format: Capítol de llibre
KOHA link:https://koha.lib.tpu.ru/cgi-bin/koha/opac-detail.pl?biblionumber=154226

MARC

LEADER 00000naa2a2200000 4500
001 154226
005 20231031151809.0
035 |a (RuTPU)RU\TPU\book\167287 
090 |a 154226 
100 |a 20090224d2008 k y0rusy50 ca 
101 0 |a rus 
102 |a RU 
200 1 |a Сорбция доксорубицина на композитных наноразмерных порошках железа  |f В. А. Митькина, Е. А. Синицына  |g науч. рук. А. И. Галанов ; науч. рук. Т. А. Юрмазова 
320 |a Библиогр.: 17 назв. 
463 0 |0 (RuTPU)RU\TPU\book\161548  |t Перспективы развития фундаментальных наук  |o труды V Международной конференции студентов и молодых ученых, 20-23 мая 2008 г., Томск  |f Томский политехнический университет (ТПУ)  |v С. 171-174  |d 2008  |p 334 с. 
610 1 |a порошки 
610 1 |a наноразмерные порошки 
610 1 |a железо 
610 1 |a композитные порошки 
610 1 |a доксорубицин 
610 1 |a сорбция 
610 1 |a лечение 
610 1 |a химиотерапия 
610 1 |a токсичность 
610 1 |a химиопрепараты 
610 1 |a магненит 
610 1 |a магнитоуправляемые системы 
610 1 |a труды учёных ТПУ 
700 1 |a Митькина  |b В. А. 
701 1 |a Синицына  |b Е. А. 
702 1 |a Галанов  |b А. И.  |4 727 
702 1 |a Юрмазова  |b Т. А.  |4 727 
801 1 |a RU  |b 63413507  |c 20090224  |g PSBO 
942 |c BK